Statistics for Countries With Unarmed Police

Click here to take the quiz!

General Stats

  • This quiz has been taken 184 times
  • The average score is 7 of 16

Answer Stats

Answer% Correct
United Kingdom
93%
Ireland
76%
Iceland
70%
Norway
69%
New Zealand
65%
Fiji
39%
Samoa
39%
Tuvalu
37%
Nauru
35%
Tonga
34%
Vanuatu
34%
Kiribati
33%
Marshall Islands
33%
Solomon Islands
32%
Malawi
7%
Botswana
6%

Score Distribution

Percentile by Number Answered

Percent of People with Each Score

Your Score History

You have not taken this quiz